Normal view
MARC view
- DAUM, KVIN
Entry Personal Name
001 - CONTROL NUMBER
- control field: 88861
003 - CONTROL NUMBER IDENTIFIER
- control field: NUST
005 - DATE AND TIME OF LATEST TRANSACTION
- control field: 20220207141700.0
008 - FIXED-LENGTH DATA ELEMENTS
- fixed length control field: 220207|| aca||aabn | a|a d
040 ## - CATALOGING SOURCE
- Original cataloging agency: NUST
- Transcribing agency: NUST
100 ## - HEADING--PERSONAL NAME
- Personal name: DAUM, KVIN
670 ## - SOURCE DATA FOUND
- Source citation: Work cat.: (NUST): DAUM, KVIN., BUILDING YOUR OWN HOME FOR DUMMIES /, 2005.
